Countries Closest in Population to Russia - Statistics

General Stats
  • This quiz has been taken 71 times
  • The average score is 17 of 20
Answer Stats
Population Difference Country % Correct
-78,048,451 United Kingdom
95%
-80,660,951 France
93%
-62,150,520 Germany
93%
-19,458,001 Japan
92%
-17,001,709 Mexico
92%
+74,957,878 Pakistan
92%
+18,754,921 Bangladesh
90%
+66,624,955 Brazil
88%
-85,472,636 Italy
88%
+60,205,127 Nigeria
88%
-43,600,058 Egypt
86%
-61,941,513 Iran
86%
-48,595,883 Vietnam
85%
-56,373,059 Democratic Republic of the Congo
83%
-30,970,874 Ethiopia
83%
-86,625772 South Africa
83%
-76,134,484 Thailand
83%
-36,353,384 Philippines
81%
-61,595,395 Turkey
81%
-86,200,244 Tanzania
78%
No matching quizzes found
Score Distribution
Percent of People with Each Score
Percentile by Number Answered
Your Score History
You have not taken this quiz